000 02048cam a22006374i 4500
003 PE-LiUPU
005 20250731170458.0
008 150706s2012 sp r 000 0 spa d
020 _a9788449327131
035 _a(Sirsi) i9788449327131
040 _aPE-LiUPU
_bspa
_cPE-LiUPU
_erda
049 _aPRUA
082 0 4 _a158
_bC83
_221
100 1 _aCovey, Stephen R.,
_eautor.
245 1 0 _aMeditaciones diarias para la gente altamente efectiva :
_bvivir día a día los 7 hábitos de la gente altamente efectiva /
_cStephen R. Covey ; [traducción de Jorge Piatigorsky].
264 1 _aBarcelona :
_bPaidós,
_c2012.
300 _axxii, 372 páginas ;
_c16 cm.
336 _atext
_2rdacontent
337 _aunmediated
_2rdamedia
338 _avolume
_2rdacarrier
490 0 _aBiblioteca Covey
500 _aTraducción de: Daily reflections for highly effective people.
505 0 _aMeditaciones para cada día del año.
526 _aSEG68
526 _aSEG70
526 _aSEG69
526 _aSEG67
526 _aSEG43
526 _aP144
526 _aP143
526 _aP131
526 _aP122
526 _aP120
526 _aP117
526 _aP112
526 _aP110
526 _aP106
526 _aP101
526 _aP80
526 _aP59
526 _aP54
526 _aP35
526 _aP33
526 _aP30
541 _g002-014792;
650 0 4 _aMeditación.
650 0 4 _aAuto-realización (Psicología).
650 0 4 _aÉxito
_xAspectos psicológicos.
_95209
700 1 _aPiatigorsky, Jorge,
_etr.
910 _cjck
942 _2ddc
_cBOOK
949 _a158 C83
_wDEWEY
_c1
_i68824
_lCCODEBUL1
_mBUL
_p19.00
_r0
_sY
_tBOOK
_u2015-7-6
_xFCE
_PP04
_o.STAFF. Colección General
994 _aC0
_bPEPRU
596 _a1
999 _a158 C83
_wDEWEY
_c55953
_i68824
_d55953
_e2017-3-26
_f2021-11-3
_g6
_lCCODEBUL1
_mBUL
_n8
_p19.00
_q1
_r0
_sY
_tBOOK
_u2015-7-6
_xSALUD
_PP04
_0COMPRA
_o.STAFF. Colección General
980 _81
_gALBERTO SANCHEZ Responsable de Automatización